000
00244nam a2200109Ia 4500
008
220204s9999 xx 000 0 und d
082
_b
FLI
100
_a
Flint, J
245
0
_a
How to play bridge
260
_a
London
_b
Hamlyn
_c
1977
942
_c
BK
999
_c
35956
_d
35956